Statistics for How Much Do You Know About French?

Click here to take the quiz!

General Stats

  • This quiz has been taken 49 times
  • The average score is 5 of 8

Answer Stats

QuestionAnswer% Correct
What language family does French belong to?Romance
96%
What language did French derive from?Vulgar Latin
96%
Which continent is home to the most French speakers?Africa
85%
Approximately how many people speak French in the world?300 million
78%
In which of these countries is French NOT the official language?Morocco
52%
When did French become the official language of France?1539
48%
How many countries have French as an official language?29
30%
What percentage of countries in the world teach French?100%
4%

Score Distribution

Percentile by Number Answered

Percent of People with Each Score

Your Score History

You have not taken this quiz